Statistics for Geography starting with B

Click here to take the quiz!

General Stats

  • This quiz has been taken 63 times
  • The average score is 7 of 10

Answer Stats

LettersClueAnswer% Correct
8Capital of HungaryBudapest
93%
4Indonesias most visited islandBali
92%
11Capital of ArgentinaBuenos Aires
90%
10Country that borders India and MyanmarBangladesh
80%
5West African countryBenin
77%
6Small country on island of BorneoBrunei
77%
9Largest city in MarylandBaltimore
69%
7British Overseas Territory in Atlantic OceanBermuda
64%
12One of South Africas capitalsBloemfontein
64%
13Gallery of historical and cultural artefacts located in LondonBritish Museum
39%

Score Distribution

Percentile by Number Answered

Percent of People with Each Score

Your Score History

You have not taken this quiz